[Event "Bialystok qual-B"]
[Site "Bialystok"]
[Date "2011.05.??"]
[Round "1"]
[White "Daciuk, Jaroslaw"]
[Black "Bernacki, Krzysztof"]
[Result "0-1"]
[WhiteElo "1627"]
[BlackElo "2013"]
[PlyCount "62"]
[EventDate "2011.05.??"]
[EventType "swiss"]
[EventRounds "9"]
[EventCountry "POL"]
[SourceTitle "EXT 2014"]
[Source "ChessBase"]
[SourceDate "2013.11.20"]
[SourceVersion "1"]
[SourceVersionDate "2013.11.20"]
[SourceQuality "1"]

1. c4 f5 2. Nc3 Nf6 3. Nf3 e6 4. d4 d5 5. Bf4 Bd6 6. Bxd6 Qxd6 7. c5 Qe7 8. b4 Nbd7 9. Nb5 Qd8 10. Qa4 0-0 11. Rc1 Ne4 12. e3 c6 13. Nc3 f4 14. Qb3 fxe3 15. Nxe4 dxe4 16. Qxe6+ Kh8 17. Qxe4 exf2+ 18. Kxf2 Nf6 19. Qc2 Ng4+ 20. Ke1 Rxf3 21. gxf3 Qh4+ 22. Kd2 Nf2 23. Ke3 Nxh1 24. Bd3 Qh6+ 25. Ke2 Qxh2+ 26. Kd1 Nf2+ 27. Ke1 Nxd3+ 28. Qxd3 Bd7 29. Rc2 Re8+ 30. Kd1 Qg1+ 31. Kd2 Qe1# 0-1

[Event "Bilaystok Spring op"]
[Site "Bialystok"]
[Date "2009.05.09"]
[Round "8"]
[White "Bernacki, Krzysztof"]
[Black "Kostyra, Stanislaw"]
[Result "1/2-1/2"]
[WhiteElo "2084"]
[BlackElo "2284"]
[PlyCount "33"]
[EventDate "2009.05.01"]
[EventType "swiss"]
[EventRounds "9"]
[EventCountry "POL"]
[SourceTitle "EXT 2010"]
[Source "ChessBase"]
[SourceDate "2010.11.25"]
[SourceVersion "1"]
[SourceVersionDate "2010.11.25"]
[SourceQuality "1"]

1. e4 c5 2. Nf3 Nc6 3. Nc3 e6 4. d4 cxd4 5. Nxd4 d6 6. Be3 Nf6 7. Bd3 Be7 8. 0-0 Ne5 9. h3 Nxd3 10. cxd3 0-0 11. Rc1 a6 12. f4 Bd7 13. Qf3 Bc6 14. Qg3 Nd7 15. Nxc6 bxc6 16. f5 e5 17. b3 1/2-1/2